تعلیم : (Record no. 108876)

MARC details
000 -LEADER
fixed length control field 01073nam a22002777a 4500
005 - DATE AND TIME OF LATEST TRANSACTION
control field 20170123162346.0
010 ## - LIBRARY OF CONGRESS CONTROL NUMBER
LC control number 994371
020 ## - INTERNATIONAL STANDARD BOOK NUMBER
Terms of availability 8.25
035 ## - SYSTEM CONTROL NUMBER
System control number 994371
037 ## - SOURCE OF ACQUISITION
Source of stock number/acquisition Cen Lib/Ret
040 ## - CATALOGING SOURCE
Original cataloging agency DPL
Language of cataloging UR
082 ## - DEWEY DECIMAL CLASSIFICATION NUMBER
Classification number 370.954
Item number ج ع ف
100 ## - MAIN ENTRY--PERSONAL NAME
Personal name جعفر، ایس.ایم.
9 (RLIN) 517
245 ## - TITLE STATEMENT
Title تعلیم :
Statement of responsibility, etc ایس.ایم. جعفر ؛ مرتجم سید انصاری
Remainder of title ہندوستان کے مسلم عہد حکومت میں /
246 ## - VARYING FORM OF TITLE
Title proper/short title Taleem : Hindustan ke muslim ahad-e-hukumat mein /
Remainder of title by S.M.Jafar ; translated by Sayed Ansari
260 ## - PUBLICATION, DISTRIBUTION, ETC. (IMPRINT)
Place of publication, distribution, etc نیی دہلی
Name of publisher, distributor, etc ترقی اردو بیورو
Date of publication, distribution, etc 1980
270 ## - ADDRESS
City نیی دہلی
Address ویسٹ بلاک،٨، ار.کے.پرم
Postal code 110066
300 ## - PHYSICAL DESCRIPTION
Extent 176p.
Dimensions 20cm(Hb)
500 ## - GENERAL NOTE
General note کتابیات
650 ## - SUBJECT ADDED ENTRY--TOPICAL TERM
Topical term or geographic name as entry element تعلیم - تاریخچہ
9 (RLIN) 116979
650 ## - SUBJECT ADDED ENTRY--TOPICAL TERM
Topical term or geographic name as entry element مسلمانوں کی تعلیم
9 (RLIN) 131540
650 ## - SUBJECT ADDED ENTRY--TOPICAL TERM
Topical term or geographic name as entry element Education -- History
9 (RLIN) 131541
650 ## - SUBJECT ADDED ENTRY--TOPICAL TERM
Topical term or geographic name as entry element Muslim education
9 (RLIN) 131542
700 ## - ADDED ENTRY--PERSONAL NAME
Personal name انصاری، سید
9 (RLIN) 131543
942 ## - ADDED ENTRY ELEMENTS (KOHA)
Source of classification or shelving scheme Dewey Decimal Classification
Koha item type Urdu Bks
Classification part 370.954
Call number suffix ج ع ف
Holdings
Withdrawn status Lost status Damaged status Not for loan Home library Current library Date acquired Source of acquisition Cost, normal purchase price Total Checkouts Full call number Barcode Date last seen Copy number Cost, replacement price Price effective from Koha item type
        Central Library Central Library 08/02/2016 Cen Lib/Ret 8.25   370.954 ج ع ف 994371 08/02/2016 1 8.25 08/02/2016 Urdu Bks

© Delhi Public Library
Hit Counter
free hit counter